Normal view
MARC view
- Pakistan Cables and tables with metric supplement
Entry Topical Term
001 - CONTROL NUMBER
- control field: 110440
003 - CONTROL NUMBER IDENTIFIER
- control field: NUST
005 - DATE AND TIME OF LATEST TRANSACTION
- control field: 20230316133137.0
008 - FIXED-LENGTH DATA ELEMENTS
- fixed length control field: 230316|| aca||aabn | a|a d
040 ## - CATALOGING SOURCE
- Original cataloging agency: NUST
- Transcribing agency: NUST
150 ## - HEADING--TOPICAL TERM
- Topical term or geographic name entry element: Pakistan Cables and tables with metric supplement
670 ## - SOURCE DATA FOUND
- Source citation: Work cat.: (NUST)194279: Pakistan Cables and Tables with Metric Supplement /, 1976
